| 000 | 00791nam a2200193Ia 4500 | ||
|---|---|---|---|
| 003 | IN-BaIIA | ||
| 008 | 211028s9999 xx 000 0 eng d | ||
| 020 | _a92-9092-716-X | ||
| 040 | _cIIA Library | ||
| 080 |
_a520.6(082.2) _bTHE |
||
| 111 |
_aLiege International Astrophysics Colloquium _n34th _cLiege, Belgium _d1998 June 15-18 _925536 |
||
| 245 | 4 |
_aThe Next generation space telescope _bscience drivers and technological challenges; proceedings of the 34th Liege International astrophysics colloquium held in Liege, Belgium, June 15-18, 1998 _ccompiled by B. Kaldeich-Schurmann |
|
| 260 |
_aThe Netherlands _bEuropean Space Agency _c1998 |
||
| 300 | _avi, 345p. | ||
| 490 | _aSP-429 | ||
| 650 |
_aSpace telescope _912558 |
||
| 700 |
_aKaldeich-Schurmann, B., comp. _925537 |
||
| 942 | _cBK | ||
| 999 |
_c14403 _d14403 |
||